<?xml version="1.0" encoding="UTF-8"?>
<record
    xmlns:xsi="http://www.w3.org/2001/XMLSchema-instance"
    xsi:schemaLocation="http://www.loc.gov/MARC21/slim http://www.loc.gov/standards/marcxml/schema/MARC21slim.xsd"
    xmlns="http://www.loc.gov/MARC21/slim">

  <leader>00802nam a2200253 a 4500</leader>
  <controlfield tag="001">BRCA_7612</controlfield>
  <controlfield tag="005">20190320205918.0</controlfield>
  <controlfield tag="008">060713s1930----sz-a######---#000-0#fre-#</controlfield>
  <datafield tag="041" ind1=" " ind2=" ">
    <subfield code="a">fre</subfield>
  </datafield>
  <datafield tag="044" ind1=" " ind2=" ">
    <subfield code="a">sz</subfield>
  </datafield>
  <datafield tag="050" ind1=" " ind2="4">
    <subfield code="a">NK2345</subfield>
    <subfield code="b">.M87 1930</subfield>
  </datafield>
  <datafield tag="245" ind1="1" ind2="0">
    <subfield code="a">Musee d&#xB4;art et d&#xB4;histoire Geneve</subfield>
    <subfield code="b">meubles de styles gothique et renaissance</subfield>
    <subfield code="c">introduction par W. Deonna.</subfield>
  </datafield>
  <datafield tag="260" ind1=" " ind2=" ">
    <subfield code="a">Basel, Suiza</subfield>
    <subfield code="b">E. Birkhauser</subfield>
    <subfield code="c">c1930</subfield>
  </datafield>
  <datafield tag="300" ind1=" " ind2=" ">
    <subfield code="a">4 p.</subfield>
    <subfield code="b">il., 26 l&#xE1;minas</subfield>
    <subfield code="c">18 cm.</subfield>
  </datafield>
  <datafield tag="440" ind1=" " ind2="0">
    <subfield code="a">Die historischen museen der Schweiz</subfield>
    <subfield code="v">heft 7</subfield>
    <subfield code="9">18767</subfield>
  </datafield>
  <datafield tag="500" ind1=" " ind2=" ">
    <subfield code="a">La biblioteca cuenta con el v.1</subfield>
  </datafield>
  <datafield tag="500" ind1=" " ind2=" ">
    <subfield code="a">T16</subfield>
  </datafield>
  <datafield tag="650" ind1="1" ind2="4">
    <subfield code="a">Muebles g&#xF3;ticos</subfield>
    <subfield code="9">9624</subfield>
  </datafield>
  <datafield tag="650" ind1="1" ind2="4">
    <subfield code="a">Muebles renacentistas</subfield>
    <subfield code="9">7835</subfield>
  </datafield>
  <datafield tag="650" ind1="1" ind2="4">
    <subfield code="a">Galer&#xED;as y museos</subfield>
    <subfield code="z">Suiza</subfield>
    <subfield code="9">10728</subfield>
  </datafield>
  <datafield tag="700" ind1="1" ind2=" ">
    <subfield code="a">Deonna, W.</subfield>
    <subfield code="e">intr.</subfield>
    <subfield code="9">18768</subfield>
  </datafield>
  <datafield tag="902" ind1=" " ind2=" ">
    <subfield code="a">GFM</subfield>
  </datafield>
  <datafield tag="942" ind1=" " ind2=" ">
    <subfield code="2">lcc</subfield>
    <subfield code="c">B</subfield>
  </datafield>
  <datafield tag="999" ind1=" " ind2=" ">
    <subfield code="c">7286</subfield>
    <subfield code="d">7286</subfield>
  </datafield>
  <datafield tag="952" ind1=" " ind2=" ">
    <subfield code="0">0</subfield>
    <subfield code="1">0</subfield>
    <subfield code="4">0</subfield>
    <subfield code="7">0</subfield>
    <subfield code="a">BRCA</subfield>
    <subfield code="b">BRCA</subfield>
    <subfield code="d">2013-07-04</subfield>
    <subfield code="i">T16</subfield>
    <subfield code="l">0</subfield>
    <subfield code="o">NK2345 .M87 1930 (T16)</subfield>
    <subfield code="p">8220</subfield>
    <subfield code="r">2019-03-22 00:00:00</subfield>
    <subfield code="w">2019-03-22</subfield>
    <subfield code="y">B</subfield>
  </datafield>
</record>
